1464 1255 1422 1165 1098 1657 1706 1470 1926 1414 1828 1512 1779 1952 1893 1565 1578 1820 1635 1158 1413 1804 1994 1017 1569 1381 1619 1738 1001 1558 1009 1250 1944 1588 1056 1311 1562 1588 1389 1475 1037 1354 1749 1052 1783 1645 1734 1380 1966 1256 1715 1491 1683 1832 1685 1029 1162 1378 1476 1662 1041 1050 1201 1453 1399 1189 1277 1390 1760 1033 1528 1167 1447 1602 1976 1182 1570 1793 1665 1940 1956 1176 1810 1194 1788 1014 1290 1005 1727 1662 1871 1719 1078 1212 1758 1806 1281 1947 1548 BCNSPRNW ULIB Ver.6.0+V

เปลี่ยนเป็นภาษาไทย

Change to English
 แสดงรายละเอียดบรรณานุกรม
  กลับหน้าหลัก

Brief Record : Get Marc (ISO 2709) : E-mail record : QR code < ปิดหน้าต่าง
LEADER : 00000nam 2200000uu 4500
001    13399127668
003     ULIB
008    210317s2563||||th 000 0 tha d
020    ^a9786165659840 (ล.4)
060 04 ^aWY152^bห321^cล.4
245 00 ^aหลักการพยาบาลผู้สูงอายุ เล่ม 4 การพยาบาลผู้ป่วยแบบประคับประคอง /^cวิโรจน์ ไววานิชกิจ, บรรณาธิการ
246 31 ^aการพยาบาลผู้ป่วยแบบประคับประคอง
260    ^aกรุงเทพฯ :^bสำนักพิมพ์จุฬาลงกรณ์มหาวิทยาลัย,^c2563
300    ^a88 หน้า:^bภาพประกอบ ;^c22 ซม.
500    ^aบรรณานุกรม : วิโรจน์ ไววานิชกิจ (บรรณาธิการ). (2563). หลักการพยาบาลผู้สูงอายุ เล่ม 4 การพยาบาลผู้ป่วยแบบประคับประคอง. กรุงเทพฯ : สำนักพิมพ์จุฬาลงกรณ์มหาวิทยาลัย.
504    ^aมีบรรณานุกรมและดรรชนี
505 2  ^a^tความหมาย หลักการ และแนวคิดการดูแลผู้ป่วยแบบประคับประคอง --^tหลักเกณฑ์การวินิจฉัยผู้ป่วยเข้าสู่การดูแลแบบประคับประคอง --^tองค์ประกอบของการดูแลแบบประคับประคอง
650  4 ^aการพยาบาลเวชศาสตร์วัยชรา
650  4 ^aผู้สูงอายุ
650  7 ^aผู้สูงอายุ^xโรค
700 0  ^aวิโรจน์ ไววานิชกิจ,^eบรรณาธิการ
945    ^p410^l0^i28772
945    ^p410^l0^i28773
945    ^p410^l0^i28774
945    ^p410^l0^i28775
945    ^p410^l0^i28776
945    ^p410^l0^i28777
945    ^p410^l0^i28778
945    ^p410^l0^i28779
945    ^p410^l0^i28780
945    ^p410^l0^i28781
999    ^aกัณชพร จุลอักษร
รายการนี้ยังไม่มีแท็ก
คุณยังไม่ได้ล็อกอิน คุณสามารถมีกิจกรรมร่วมกับเว็บไซต์ได้ แต่ต้องล็อกอินก่อน ::
  ล็อกอิน

รายการสื่อสารสนเทศ

ลำดับที่ ประเภท เลขเรียก/บาร์โค้ด สถานที่ สถานะ
1. หนังสือสำรอง
หนังสือสำรอง
WY152 ห321 ล.4 ฉ.1 
  Barcode: 28772
ห้องสมุดวิทยาเขตนครสวรรค์
►หนังสือทั่วไป:l:General Books
บนชั้น
2. วิทยาศาสตร์การแพทย์ และสุขภาพ
วิทยาศาสตร์การแพทย์ และสุขภาพ
WY152 ห321 ล.4 ฉ.10 
  Barcode: 28781
ห้องสมุดวิทยาเขตนครสวรรค์
►หนังสือทั่วไป:l:General Books
บนชั้น
3. วิทยาศาสตร์การแพทย์ และสุขภาพ
วิทยาศาสตร์การแพทย์ และสุขภาพ
WY152 ห321 ล.4 ฉ.2 
  Barcode: 28773
ห้องสมุดวิทยาเขตนครสวรรค์
►หนังสือทั่วไป:l:General Books
บนชั้น
4. วิทยาศาสตร์การแพทย์ และสุขภาพ
วิทยาศาสตร์การแพทย์ และสุขภาพ
WY152 ห321 ล.4 ฉ.3 
  Barcode: 28774
ห้องสมุดวิทยาเขตนครสวรรค์
►หนังสือทั่วไป:l:General Books
บนชั้น
5. วิทยาศาสตร์การแพทย์ และสุขภาพ
วิทยาศาสตร์การแพทย์ และสุขภาพ
WY152 ห321 ล.4 ฉ.4 
  Barcode: 28775
ห้องสมุดวิทยาเขตนครสวรรค์
►หนังสือทั่วไป:l:General Books
บนชั้น
6. วิทยาศาสตร์การแพทย์ และสุขภาพ
วิทยาศาสตร์การแพทย์ และสุขภาพ
WY152 ห321 ล.4 ฉ.5 
  Barcode: 28776
ห้องสมุดวิทยาเขตนครสวรรค์
►หนังสือทั่วไป:l:General Books
บนชั้น
7. วิทยาศาสตร์การแพทย์ และสุขภาพ
วิทยาศาสตร์การแพทย์ และสุขภาพ
WY152 ห321 ล.4 ฉ.6 
  Barcode: 28777
ห้องสมุดวิทยาเขตนครสวรรค์
►หนังสือทั่วไป:l:General Books
บนชั้น
8. วิทยาศาสตร์การแพทย์ และสุขภาพ
วิทยาศาสตร์การแพทย์ และสุขภาพ
WY152 ห321 ล.4 ฉ.7 
  Barcode: 28778
ห้องสมุดวิทยาเขตนครสวรรค์
►หนังสือทั่วไป:l:General Books
บนชั้น
9. วิทยาศาสตร์การแพทย์ และสุขภาพ
วิทยาศาสตร์การแพทย์ และสุขภาพ
WY152 ห321 ล.4 ฉ.8 
  Barcode: 28779
ห้องสมุดวิทยาเขตนครสวรรค์
►หนังสือทั่วไป:l:General Books
บนชั้น
10. วิทยาศาสตร์การแพทย์ และสุขภาพ
วิทยาศาสตร์การแพทย์ และสุขภาพ
WY152 ห321 ล.4 ฉ.9 
  Barcode: 28780
ห้องสมุดวิทยาเขตนครสวรรค์
►หนังสือทั่วไป:l:General Books
บนชั้น

รายการใกล้เคียง
    หัวเรื่อง [การพยาบาลเวชศาสตร์วัยชรา]
    หัวเรื่อง [ผู้สูงอายุ]

BibComment


ยังไม่เคยถูกคอมเมนท์

คอมเมนท์ทรัพยากรรายการนี้
  คอมเมนท์: หลักการพยาบาลผู้..


 Copyright 2026. Bcnsprnw @Library